500 Electronic IC Circuits with Practical Applications ( DEPARTMENTAL ) (Record no. 647)

MARC details
000 -LEADER
fixed length control field 00405nam a2200145Ia 4500
008 - FIXED-LENGTH DATA ELEMENTS--GENERAL INFORMATION
fixed length control field 221030s9999 xx 000 0 und d
041 ## - LANGUAGE CODE
Language code of text/sound track or separate title
082 ## - DEWEY DECIMAL CLASSIFICATION NUMBER
Classification number 105.23
Item number Whi
100 ## - MAIN ENTRY--AUTHOR NAME
Personal name J. A. Whitson
245 #0 - TITLE STATEMENT
Title 500 Electronic IC Circuits with Practical Applications ( DEPARTMENTAL )
Statement of responsibility, etc by J. A. Whitson
260 ## - PUBLICATION, DISTRIBUTION, ETC. (IMPRINT)
Name of publisher BPB Pub
Place of publication New Delhi
Year of publication 1989
300 ## - PHYSICAL DESCRIPTION
Number of Pages 340
650 ## - SUBJECT ADDED ENTRY--TOPICAL TERM
Topical Term ECE Departmental
942 ## - ADDED ENTRY ELEMENTS (KOHA)
Koha item type Books
Holdings
Accession Number Cost, normal purchase price Full call number Price effective from Koha item type Withdrawn / writtenoff status Materials specified (bound volume or other part) Damaged status Not for loan Collection code Permanent Location Current Location Shelving location Date acquired Lost/ Missing status department
BE 6851 150.00 105.23 Whi 10/30/2022 Books   Print   Not For Loan   MIET Library, Jammu MIET Library, Jammu BL-Departmental, FL-1, CUP-23, SH-5, R-5 11/28/2003   BE